Kitüntetett gyárak Paprikafeldolgozó: Kiváló és Szocialista Munka Vállalata : Öntöde: Élüzem cím

Elmentve itt :
Bibliográfiai részletek
Dokumentumtípus: Cikk
Megjelent: 1970-04-25
Sorozat:Délmagyarország 60 No. 96
Kulcsszavak:Kitüntetés Kiváló és Szocialista Munka Vállalata, Kitüntetés élüzem Szeged 1970, gyáripar
Online Access:http://dmarchiv.bibl.u-szeged.hu/65637
LEADER 00567nab a2200145 i 4500
001 delm65637
005 20180927151244.0
008 180927s1970 hu o 0|| hun d
040 |a SZTE Délmagyarország Archívum  |b hun 
041 |a hun 
245 0 0 |a Kitüntetett gyárak   |h [elektronikus dokumentum] :  |b Paprikafeldolgozó: Kiváló és Szocialista Munka Vállalata : Öntöde: Élüzem cím 
260 |c 1970-04-25 
300 |a 1 
490 0 |a Délmagyarország  |v 60 No. 96 
695 |a Kitüntetés Kiváló és Szocialista Munka Vállalata, Kitüntetés élüzem Szeged 1970, gyáripar